Регионална библиотека "Любен Каравелов" - Русе

Em Ubungsgrammatik (Запис номер 99753)

MARC детайли
000 -Лидер
Контролно поле с фиксирана дължина 01198nam a2200337 c 4500
003 - Код на организацията, давaща контролен номер
Контролно поле BLK
005 - Дата и час на последна редакция
Контролно поле 20190218114031.0
008 - Елементи от данни с фиксирана дължина
fixed length control field 180409b bul|||||r ||||||| ||bul||
010 ## - Наследен системен номер
LC control number KNG00104767000
020 ## - Международен стандартен номер на книга ISBN
Международен стандартен номер на книга ISBN 3-19-001657-7
-- издат.: Max Hueber
040 ## - Източник на каталожния запис
Идентификатор на билиотеката - собственик на записа BLK
041 ## - Код за език
Код за езика на текст/звукозапис или на отделно заглавие Немски
Код за езика КДБФ Немски
080 ## - УДК
Текстов определител УДК Немски език (високонемски, стандартен писмен)
УДК код - определител по УДК 811.112.2
УДК определител -5
УДК - код + определител 811.112.2-5
100 1# - Редна дума - Автор
Автор Hering, Axel
Авторска отговорност първи автор
R(LIN) 308176
139 ## - Редно поле
Редна дума Hering, Axel et al.
Авторски знак Her - H 57
245 10 - Сведения за заглавието
Заглавие Em Ubungsgrammatik
Подзаглавни данни Deutsch als Fremdsprache
Редно поле (дума) Axel Hering; съавт. Magdalena Matussek; съавт. Michaela Perlmann-Balme.
257 ## - Страна на издаване
Страна на създаване/издаване Германия
260 ## - Област на издателските данни
-- Ismaning
Име на издателя, разпространителя и проч. Max Hueber
Година на издаване 2002
300 ## - Физическа характеристика
Страници 248 c.
Размери/Мащаб 24 cm
380 ## - Жанр
Жанр Езикознание. Филология
650 #4 - Допълнително описание по предмет – тема
Основно описание – тема или топоним Немски език - граматика
9 (RLIN) 244518
653 ## - Ключова дума – ненормативна
Ключова дума немски език
653 ## - Ключова дума – ненормативна
Ключова дума граматика
700 1# - Други автори (авторска отговорност)
Лично име Matussek, Magdalena
Автороска отговорност (Описва отношението между автора и произведението) съавт.
9 (RLIN) 18144
700 1# - Други автори (авторска отговорност)
Лично име Perlmann-Balme, Michaela
Автороска отговорност (Описва отношението между автора и произведението) съавт.
9 (RLIN) 20976
852 ## - Местоположение
Форматна сигнатура Цб 213646
856 4# - Електронен адрес и достъп
Електронен формат pdf - файл
Път до файла /url/
856 4# - Електронен адрес и достъп
Електронен формат pdf - файл
Път до файла /url/
942 ## - АРТИКУЛИ
Вид на библиотечния материал Книги
Скрит в OPAC Не
Koha issues (borrowed), all copies 1
944 ## - СЪЗДАВАНЕ И РЕДАКЦИЯ на ЗАПИСА
Създаване/Редакция Създаване
Дата на регистрацията/редакция 01.01.2002
Служител, извършил регистрацията/редакцията Теодора_Стоянова
944 ## - СЪЗДАВАНЕ И РЕДАКЦИЯ на ЗАПИСА
Създаване/Редакция Редакция
Дата на регистрацията/редакция 11.12.2014
Служител, извършил регистрацията/редакцията Теодора_Стоянова
999 ## - СИСТЕМНИ КОНТРОЛНИ НОМЕРА
Koha biblionumber 99753
Koha biblioitemnumber 99753
Наличности
Код за отписване Код за изгубен артикул Източник на класификационната схема Код за повреда Коз за рестрикции Код за отдаване Артикулен № Име на библиотеката - собственик Име на библиотеката, в която се намира в момента Статус (Текущо местоположение) Дата на вписване в системата Местоположение - отдел Цена в лева Инвентарен номер Систематично азбучна сигнатура Баркод Номер на екземпляра Цена в евро Служебна бележка Служебен тип на артикула
  Не е изгубен Universal Decimal Classification Не е повреден без рестрикции заемане за дома 160695 Регионална библиотека "Любен Каравелов" Русе Регионална библиотека "Любен Каравелов" Русе ЧЧЗО - нем. ез. - Гьоте инст. 2001-12-31 ЧЧЗО - нем. ез. - Гьоте инст. 31.80 120000906105 Ч5 803.0-5/H 57 120000906105 1 16.26 Дост: DA Вид: А N: 1 Дата: 31.12.2001 Книги
Vip Innovations Ltd, Rousse, Bulgaria 2025